| Tag |
First Indicator |
Second Indicator |
Subfields |
| LEADER |
00000pam a2200000 a 4500 |
| 001 |
in00000095414 |
| 005 |
20150923173519.0 |
| 008 |
800327s1982 paua b 00100 engm |
| 010 |
|
|
|a 77077198
|
| 020 |
|
|
|a 072165634X (set)
|
| 035 |
|
|
|a (OCoLC)06197931
|
| 035 |
|
|
|9 AAK8055AM
|
| 040 |
|
|
|a DLC
|c DLC
|d m.c.
|d TXA
|d UtOrBLW
|
| 049 |
|
|
|a TXAM
|v 1 [1561943]
|v 2 [1561944]
|
| 050 |
0 |
0 |
|a RC423
|b S639 1982
|
| 060 |
|
0 |
|a WV501 S7435
|
| 082 |
0 |
|
|a 616.85/5
|
| 245 |
0 |
0 |
|a Speech, language, and hearing /
|c [edited by] Norman J. Lass [and others].
|
| 264 |
|
1 |
|a Philadelphia :
|b Saunders,
|c 1982.
|
| 300 |
|
|
|a 3 volumes (xiv, 1129 pages) :
|b illustrations ;
|c 27 cm.
|
| 336 |
|
|
|a text
|b txt
|2 rdacontent
|
| 337 |
|
|
|a unmediated
|b n
|2 rdamedia
|
| 338 |
|
|
|a volume
|b nc
|2 rdacarrier
|
| 504 |
|
|
|a Includes bibliographies and indexes.
|
| 505 |
0 |
|
|a v. 1. Normal processes -- v. 2. Pathologies of speech and language -- v. 3. Hearing disorders.
|
| 650 |
|
0 |
|a Speech disorders.
|
| 650 |
|
0 |
|a Hearing disorders.
|
| 650 |
|
0 |
|a Speech
|x Physiological aspects.
|
| 650 |
|
0 |
|a Hearing
|x Physiological aspects.
|
| 650 |
|
0 |
|a Language and languages
|x Physiological aspects.
|
| 650 |
|
2 |
|a Hearing.
|
| 650 |
|
2 |
|a Language.
|
| 650 |
|
2 |
|a Speech.
|
| 650 |
|
2 |
|a Hearing Disorders.
|
| 650 |
|
2 |
|a Speech Disorders.
|
| 700 |
1 |
|
|a Lass, Norman J.
|
| 999 |
|
|
|a MARS
|
| 999 |
f |
f |
|s b18321d3-6d87-356f-a401-e93e63f15d8c
|i 0a830662-f472-367f-9dd8-f01d8d64e725
|t 0
|
| 952 |
f |
f |
|p ric
|a Texas A&M University
|b Rellis Campus
|c Joint Library Facility
|d Remote Storage
|t 0
|e RC423 S639 1982
|h Library of Congress classification
|i unmediated -- volume
|k v.2
|m A14806022439
|
| 952 |
f |
f |
|p ric
|a Texas A&M University
|b Rellis Campus
|c Joint Library Facility
|d Remote Storage
|t 0
|e RC423 S639 1982
|h Library of Congress classification
|i unmediated -- volume
|k v.1
|m A14806022447
|
| 998 |
f |
f |
|a RC423 S639 1982
|s v.1-v.2
|t 0
|l Remote Storage
|